Informačné technológie a ich využitie v riadení podniku recenzovaný zborník vedeckých statí Katedry informačného manažmentu Fakulty podnikového manažmentu Ekonomickej univerzity v Bratislave

Salvato in:
Dettagli Bibliografici
Ente Autore: Fakulta podnikového manažmentu EU. Katedra informačného manažmentu
Altri autori: Romanová, Anita, 1973-, Bolek, Vladimír, 1988-, Kokles, Mojmír, Šupšák, Rastislav, 1988-
Natura: Libro
Lingua:slovacco
inglese
Pubblicazione: Bratislava Vydavateľstvo EKONÓM 2020
Edizione:1. vydanie
Soggetti:
Tags: Aggiungi Tag
Nessun Tag, puoi essere il primo ad aggiungerne!!

MARC

LEADER 00000nlm a2200000 4500
001 0271427
005 20240502074254.6
020 |a 978-80-225-4777-2 
041 0 |a slo 
041 0 |a eng 
044 |a SK 
245 1 0 |a Informačné technológie a ich využitie v riadení podniku  |b recenzovaný zborník vedeckých statí Katedry informačného manažmentu Fakulty podnikového manažmentu Ekonomickej univerzity v Bratislave  |c kolektív autorov ; zostavovatelia zborníka: Anita Romanová, Vladimír Bolek 
250 |a 1. vydanie 
264 1 |a Bratislava  |b Vydavateľstvo EKONÓM  |c 2020 
300 |a CD-ROM 93 s. [4,65 AH] 
610 2 0 |a technológie informačné 
610 2 0 |a technológie komunikačné 
610 2 0 |a technológie nové 
610 2 0 |a riadenie podnikové 
610 2 0 |a elektronizácia 
610 2 0 |a systémy informačné 
610 2 0 |a transformácia digitálna 
610 2 0 |a analýza dát 
700 1 |a Romanová, Anita, 1973- 
700 1 |a Bolek, Vladimír, 1988- 
700 1 |a Kokles, Mojmír 
700 1 |a Šupšák, Rastislav, 1988- 
710 2 |a Fakulta podnikového manažmentu EU. Katedra informačného manažmentu